[Event "MCR zen 2023"]
[Site "?"]
[Date "2023.05.09"]
[Round "1.2"]
[White "Novosadova, Kristyna"]
[Black "Fizerova, Lucie"]
[Result "0-1"]
[BlackElo "1842"]
[WhiteElo "2111"]
[LiveChessVersion "1.4.8"]

1. d4 {[%clk 1:30:34]} d5 {[%clk 1:30:50]} 2. Nf3 {[%clk 1:30:57]} c6
{[%clk 1:31:03]} 3. c4 {[%clk 1:30:58]} Nf6 {[%clk 1:30:58]} 4. cxd5
{[%clk 1:30:28]} cxd5 {[%clk 1:30:23]} 5. Bg5 {[%clk 1:26:18]} e6
{[%clk 1:29:47]} 6. Nc3 {[%clk 1:25:31]} Nc6 {[%clk 1:28:16]} 7. e3
{[%clk 1:25:34]} Be7 {[%clk 1:27:22]} 8. Bd3 {[%clk 1:24:40]} h6 {[%clk 1:25:32]}
9. Bh4 {[%clk 1:24:42]} O-O {[%clk 1:24:09]} 10. O-O {[%clk 1:21:31]} Bd7
{[%clk 1:19:48]} 11. Rc1 {[%clk 1:18:08]} Rc8 {[%clk 1:17:40]} 12. Bb1
{[%clk 1:15:11]} Ne8 {[%clk 1:10:11]} 13. Bg3 {[%clk 1:13:38]} Nd6
{[%clk 1:06:20]} 14. Ne5 {[%clk 1:07:34]} Nxe5 {[%clk 0:59:32]} 15. dxe5
{[%clk 1:07:56]} Nc4 {[%clk 0:57:31]} 16. b3 {[%clk 1:03:29]} Na3
{[%clk 0:55:09]} 17. Bd3 {[%clk 1:03:36]} Qa5 {[%clk 0:53:19]} 18. Ne2
{[%clk 0:57:04]} Bb5 {[%clk 0:52:35]} 19. Bxb5 {[%clk 0:51:47]} Nxb5
{[%clk 0:52:12]} 20. Qd3 {[%clk 0:49:55]} Ba3 {[%clk 0:46:15]} 21. Rxc8
{[%clk 0:48:06]} Rxc8 {[%clk 0:46:31]} 22. f4 {[%clk 0:48:13]} g6
{[%clk 0:45:19]} 23. f5 {[%clk 0:40:22]} gxf5 {[%clk 0:43:27]} 24. Bf4
{[%clk 0:40:05]} Kh7 {[%clk 0:42:31]} 25. Ng3 {[%clk 0:39:05]} Rc3
{[%clk 0:35:21]} 26. Qb1 {[%clk 0:37:01]} Qb6 {[%clk 0:32:10]} 27. Nh5
{[%clk 0:21:40]} Bc5 {[%clk 0:25:35]} 28. Nf6+ {[%clk 0:18:44]} Kh8
{[%clk 0:24:41]} 29. Kh1 {[%clk 0:11:14]} Bxe3 {[%clk 0:23:49]} 30. Bg3
{[%clk 0:11:36]} Qc5 {[%clk 0:22:31]} 31. Be1 {[%clk 0:08:37]} Rc2
{[%clk 0:17:46]} 32. Qd1 {[%clk 0:08:47]} d4 {[%clk 0:16:03]} 33. Qf3
{[%clk 0:04:21]} Qxe5 {[%clk 0:14:34]} 34. Qxb7 {[%clk 0:03:23]} Qxf6
{[%clk 0:14:21]} 35. Qxb5 {[%clk 0:03:40]} Qg6 {[%clk 0:13:54]} 36. Qb8+
{[%clk 0:02:49]} Kh7 {[%clk 0:14:10]} 37. Qb7 {[%clk 0:02:34]} d3
{[%clk 0:13:52]} 38. Qf3 {[%clk 0:01:50]} d2 {[%clk 0:13:06]} 0-1

[Event "MCR zen 2023"]
[Site "?"]
[Date "2023.05.09"]
[Round "1.3"]
[White "Kanakova, Natalie"]
[Black "Hosova, Sandra"]
[Result "1-0"]
[BlackElo "1921"]
[WhiteElo "2167"]
[LiveChessVersion "1.4.8"]

1. e4 {[%clk 1:30:56]} c5 {[%clk 1:30:48]} 2. Nf3 {[%clk 1:31:19]} Nc6
{[%clk 1:31:10]} 3. d4 {[%clk 1:31:44]} cxd4 {[%clk 1:31:34]} 4. Nxd4
{[%clk 1:32:08]} g6 {[%clk 1:31:55]} 5. c4 {[%clk 1:32:25]} Bg7 {[%clk 1:32:09]}
6. Be3 {[%clk 1:32:45]} Nf6 {[%clk 1:32:27]} 7. Nc3 {[%clk 1:33:08]} Ng4
{[%clk 1:32:37]} 8. Qxg4 {[%clk 1:30:43]} Nxd4 {[%clk 1:32:58]} 9. Qd1
{[%clk 1:30:01]} e5 {[%clk 1:33:18]} 10. Qd2 {[%clk 1:22:32]} O-O
{[%clk 1:29:19]} 11. O-O-O {[%clk 1:16:14]} b5 {[%clk 1:15:27]} 12. Nxb5
{[%clk 1:14:01]} Nxb5 {[%clk 1:15:31]} 13. cxb5 {[%clk 1:14:25]} Qc7+
{[%clk 1:04:19]} 14. Kb1 {[%clk 1:13:44]} Bb7 {[%clk 1:01:49]} 15. f3
{[%clk 1:12:47]} d5 {[%clk 0:54:53]} 16. exd5 {[%clk 1:10:40]} Rfd8
{[%clk 0:54:34]} 17. d6 {[%clk 1:07:55]} Qd7 {[%clk 0:53:52]} 18. Bg5
{[%clk 0:54:41]} Rdc8 {[%clk 0:51:02]} 19. Be7 {[%clk 0:51:00]} Rc5
{[%clk 0:45:44]} 20. Bd3 {[%clk 0:47:48]} e4 {[%clk 0:12:12]} 21. fxe4
{[%clk 0:47:17]} Bxe4 {[%clk 0:10:12]} 22. Bxe4 {[%clk 0:35:12]} Rxb5
{[%clk 0:10:26]} 23. Bxa8 {[%clk 0:30:40]} Qf5+ {[%clk 0:10:06]} 24. Ka1
{[%clk 0:30:25]} Bxb2+ {[%clk 0:09:50]} 25. Qxb2 {[%clk 0:30:50]} Rxb2
{[%clk 0:10:13]} 26. Kxb2 {[%clk 0:31:17]} Qb5+ {[%clk 0:09:15]} 27. Kc3
{[%clk 0:31:32]} Qc5+ {[%clk 0:09:09]} 28. Kd3 {[%clk 0:31:54]} Qb5+
{[%clk 0:08:15]} 29. Kd4 {[%clk 0:29:41]} Qb2+ {[%clk 0:06:25]} 30. Ke3
{[%clk 0:28:24]} Qe5+ {[%clk 0:05:49]} 31. Be4 {[%clk 0:27:44]} f5
{[%clk 0:04:49]} 32. Rd4 {[%clk 0:27:35]} f4+ {[%clk 0:02:01]} 33. Kd3
{[%clk 0:27:53]} Qb5+ {[%clk 0:02:24]} 34. Rc4 {[%clk 0:28:14]} Qe5
{[%clk 0:00:48]} 35. d7 {[%clk 0:27:05]} Qxe7 {[%clk 0:00:58]} 36. Rc8+
{[%clk 0:27:27]} Kg7 {[%clk 0:01:20]} 37. d8=Q {[%clk 0:27:46]} 1-0

[Event "MCR zen 2023"]
[Site "?"]
[Date "2023.05.09"]
[Round "1.4"]
[White "Lhotska, Anna"]
[Black "Zelbova, Lada"]
[Result "0-1"]
[BlackElo "1869"]
[WhiteElo "1983"]
[LiveChessVersion "1.4.8"]

1. e4 {[%clk 1:30:57]} c5 {[%clk 1:30:48]} 2. Nf3 {[%clk 1:31:13]} d6
{[%clk 1:30:46]} 3. d4 {[%clk 1:31:21]} cxd4 {[%clk 1:31:00]} 4. Nxd4
{[%clk 1:31:44]} Nf6 {[%clk 1:31:05]} 5. Nc3 {[%clk 1:32:04]} a6 {[%clk 1:30:54]}
6. Be3 {[%clk 1:32:03]} e5 {[%clk 1:30:54]} 7. Nb3 {[%clk 1:32:19]} Be6
{[%clk 1:30:35]} 8. f3 {[%clk 1:32:32]} Be7 {[%clk 1:29:56]} 9. Qd2
{[%clk 1:32:36]} O-O {[%clk 1:28:03]} 10. O-O-O {[%clk 1:32:37]} a5
{[%clk 1:27:54]} 11. a4 {[%clk 1:30:53]} Nc6 {[%clk 1:27:15]} 12. g4
{[%clk 1:30:24]} Nb4 {[%clk 1:22:35]} 13. Kb1 {[%clk 1:28:09]} Rc8
{[%clk 1:03:58]} 14. g5 {[%clk 1:26:01]} Nd7 {[%clk 1:03:13]} 15. f4
{[%clk 1:23:44]} exf4 {[%clk 0:53:33]} 16. Bxf4 {[%clk 1:24:00]} Ne5
{[%clk 0:53:03]} 17. h4 {[%clk 1:21:36]} Bg4 {[%clk 0:46:14]} 18. Rc1
{[%clk 1:05:00]} b6 {[%clk 0:27:19]} 19. Nd4 {[%clk 0:52:42]} Nc4
{[%clk 0:21:01]} 20. Bxc4 {[%clk 0:52:01]} Rxc4 {[%clk 0:21:22]} 21. Rhg1
{[%clk 0:48:48]} Qd7 {[%clk 0:19:57]} 22. Ndb5 {[%clk 0:36:58]} Qe6
{[%clk 0:16:29]} 23. b3 {[%clk 0:32:37]} Rcc8 {[%clk 0:15:51]} 24. Bxd6
{[%clk 0:21:31]} Rfd8 {[%clk 0:10:31]} 25. e5 {[%clk 0:20:47]} Bf5
{[%clk 0:06:45]} 26. Kb2 {[%clk 0:13:14]} Qxe5 {[%clk 0:05:07]} 27. Rge1
{[%clk 0:01:18]} Rxd6 {[%clk 0:05:03]} 28. Qf2 {[%clk 0:00:44]} Qc5
{[%clk 0:02:14]} 29. Qxc5 {[%clk 0:01:08]} bxc5 {[%clk 0:02:30]} 30. Rxe7
{[%clk 0:01:08]} Rd2 {[%clk 0:02:38]} 31. Re2 {[%clk 0:00:46]} Nd3+
{[%clk 0:02:41]} 32. Kb1 {[%clk 0:00:39]} Rxe2 {[%clk 0:03:04]} 33. Nxe2
{[%clk 0:01:01]} Nxc1 {[%clk 0:03:27]} 34. Kxc1 {[%clk 0:01:20]} Rd8
{[%clk 0:03:17]} 35. Ng3 {[%clk 0:01:15]} Rd5 {[%clk 0:01:53]} 36. c4
{[%clk 0:01:06]} Re5 {[%clk 0:02:05]} 37. Nd6 {[%clk 0:01:09]} g6
{[%clk 0:01:56]} 38. Kd2 {[%clk 0:01:21]} Re7 {[%clk 0:01:15]} 39. Ngxf5
{[%clk 0:00:49]} gxf5 {[%clk 0:01:30]} 40. Nxf5 {[%clk 0:01:14]} Rd7+
{[%clk 0:00:58]} 41. Ke3 {[%clk 0:26:20]} f6 {[%clk 0:24:53]} 42. gxf6
{[%clk 0:20:01]} Kf7 {[%clk 0:24:05]} 43. Ng3 {[%clk 0:20:06]} Rb7
{[%clk 0:21:05]} 44. Ne4 {[%clk 0:19:56]} Rxb3+ {[%clk 0:16:58]} 45. Kf4
{[%clk 0:18:00]} h6 {[%clk 0:12:42]} 46. Kf5 {[%clk 0:15:05]} Rf3+
{[%clk 0:11:11]} 47. Kg4 {[%clk 0:11:16]} Rf1 {[%clk 0:09:48]} 48. h5
{[%clk 0:07:43]} Ke6 {[%clk 0:06:08]} 49. Nxc5+ {[%clk 0:07:42]} Kxf6
{[%clk 0:06:13]} 50. Nb7 {[%clk 0:07:59]} Ra1 {[%clk 0:02:42]} 51. Nxa5
{[%clk 0:07:19]} Rxa4 {[%clk 0:02:20]} 52. Nb7 {[%clk 0:07:36]} Rxc4+
{[%clk 0:02:33]} 53. Kh3 {[%clk 0:07:46]} Kg5 {[%clk 0:01:18]} 54. Nd6
{[%clk 0:07:40]} Rc3+ {[%clk 0:01:41]} 55. Kg2 {[%clk 0:07:46]} Kxh5
{[%clk 0:01:43]} 56. Ne4 {[%clk 0:08:06]} Ra3 {[%clk 0:01:27]} 57. Nf2
{[%clk 0:08:24]} Kh4 {[%clk 0:01:04]} 58. Kh2 {[%clk 0:07:51]} h5
{[%clk 0:01:01]} 59. Kg2 {[%clk 0:08:13]} Kg5 {[%clk 0:01:16]} 60. Nh3+
{[%clk 0:08:32]} Kf5 {[%clk 0:01:29]} 0-1

[Event "MCR zen 2023"]
[Site "?"]
[Date "2023.05.10"]
[Round "2.1"]
[White "Hosova, Sandra"]
[Black "Kanakova, Natalie"]
[Result "1-0"]
[BlackElo "2167"]
[WhiteElo "1921"]
[LiveChessVersion "1.4.8"]

1. d4 {[%clk 1:30:11]} Nf6 {[%clk 1:30:50]} 2. Nc3 {[%clk 1:30:26]} d5
{[%clk 1:30:17]} 3. Bg5 {[%clk 1:30:37]} Bf5 {[%clk 1:25:38]} 4. f3
{[%clk 1:28:37]} c5 {[%clk 1:21:36]} 5. dxc5 {[%clk 1:20:25]} d4 {[%clk 1:17:31]}
6. Na4 {[%clk 1:16:05]} Qa5+ {[%clk 1:16:29]} 7. c3 {[%clk 1:16:07]} Bd7
{[%clk 1:16:05]} 8. b3 {[%clk 1:09:57]} dxc3 {[%clk 1:11:53]} 9. Qc2
{[%clk 1:07:47]} Bxa4 {[%clk 1:11:10]} 10. bxa4 {[%clk 1:06:43]} Qxc5
{[%clk 1:00:07]} 11. Nh3 {[%clk 1:00:35]} Nbd7 {[%clk 0:53:49]} 12. e4
{[%clk 0:58:42]} a6 {[%clk 0:49:11]} 13. Rb1 {[%clk 0:56:59]} Qc6
{[%clk 0:45:59]} 14. Be2 {[%clk 0:53:39]} e6 {[%clk 0:42:41]} 15. O-O
{[%clk 0:53:28]} Be7 {[%clk 0:39:11]} 16. Rfc1 {[%clk 0:52:01]} Ba3
{[%clk 0:37:02]} 17. Rd1 {[%clk 0:51:40]} O-O {[%clk 0:35:53]} 18. Bc1
{[%clk 0:51:08]} Qc5+ {[%clk 0:28:56]} 19. Kh1 {[%clk 0:50:50]} Rab8
{[%clk 0:24:13]} 20. Rb3 {[%clk 0:48:07]} Bb4 {[%clk 0:24:06]} 21. f4
{[%clk 0:41:13]} b5 {[%clk 0:21:59]} 22. axb5 {[%clk 0:39:59]} axb5
{[%clk 0:22:22]} 23. e5 {[%clk 0:35:16]} Nd5 {[%clk 0:22:33]} 24. Ng5
{[%clk 0:35:07]} g6 {[%clk 0:22:47]} 25. Qd3 {[%clk 0:34:02]} Qe7
{[%clk 0:16:11]} 26. Qh3 {[%clk 0:31:37]} f5 {[%clk 0:15:50]} 27. Rxd5
{[%clk 0:27:05]} exd5 {[%clk 0:16:11]} 28. Rxb4 {[%clk 0:27:25]} h5
{[%clk 0:09:35]} 29. Rxb5 {[%clk 0:23:47]} Rxb5 {[%clk 0:09:23]} 30. Bxb5
{[%clk 0:24:12]} Rc8 {[%clk 0:07:08]} 31. Qd3 {[%clk 0:22:22]} Nb6
{[%clk 0:06:50]} 32. a4 {[%clk 0:21:07]} Qb4 {[%clk 0:06:00]} 33. Ne6
{[%clk 0:15:31]} Nxa4 {[%clk 0:04:57]} 34. Qxd5 {[%clk 0:15:04]} c2
{[%clk 0:02:45]} 35. Nc5+ {[%clk 0:13:44]} Kh8 {[%clk 0:02:30]} 36. Nd3
{[%clk 0:14:06]} Qa5 {[%clk 0:01:19]} 37. e6 {[%clk 0:11:20]} Nc3
{[%clk 0:00:32]} 38. Qd4+ {[%clk 0:10:58]} Kg8 {[%clk 0:00:42]} 39. Bc4
{[%clk 0:09:53]} Re8 {[%clk 0:00:34]} 40. Bb2 {[%clk 0:05:48]} Nd1
{[%clk 0:00:31]} 41. Qg7# 1-0

[Event "MCR zen 2023"]
[Site "?"]
[Date "2023.05.10"]
[Round "2.2"]
[White "Fizerova, Lucie"]
[Black "Novosadova, Kristyna"]
[Result "0-1"]
[BlackElo "2111"]
[WhiteElo "1842"]
[LiveChessVersion "1.4.8"]

1. e4 {[%clk 1:30:56]} e6 {[%clk 1:30:44]} 2. d4 {[%clk 1:30:04]} d5
{[%clk 1:31:07]} 3. exd5 {[%clk 1:30:12]} exd5 {[%clk 1:31:32]} 4. Bd3
{[%clk 1:30:18]} Bd6 {[%clk 1:31:35]} 5. Ne2 {[%clk 1:30:01]} Nc6
{[%clk 1:30:22]} 6. c3 {[%clk 1:29:17]} Nge7 {[%clk 1:30:40]} 7. Qc2
{[%clk 1:28:26]} Bg4 {[%clk 1:26:30]} 8. f3 {[%clk 1:26:20]} Bh5 {[%clk 1:24:55]}
9. Bf4 {[%clk 1:23:58]} Bg6 {[%clk 1:23:39]} 10. Nd2 {[%clk 1:20:52]} Bxd3
{[%clk 1:20:09]} 11. Qxd3 {[%clk 1:21:13]} Ng6 {[%clk 1:20:25]} 12. Bxd6
{[%clk 1:20:55]} Qxd6 {[%clk 1:20:48]} 13. O-O-O {[%clk 1:16:47]} O-O
{[%clk 1:18:29]} 14. g3 {[%clk 1:15:41]} a5 {[%clk 1:17:38]} 15. h4
{[%clk 1:14:55]} Rfb8 {[%clk 1:14:12]} 16. h5 {[%clk 1:13:08]} Nge7
{[%clk 1:14:36]} 17. Qe3 {[%clk 1:12:42]} b5 {[%clk 1:13:15]} 18. Qf4
{[%clk 1:11:45]} b4 {[%clk 1:09:48]} 19. Qxd6 {[%clk 1:09:33]} cxd6
{[%clk 1:10:04]} 20. Kc2 {[%clk 1:04:34]} a4 {[%clk 1:08:31]} 21. a3
{[%clk 1:01:03]} Nf5 {[%clk 1:06:37]} 22. Rb1 {[%clk 0:55:58]} Re8
{[%clk 1:04:20]} 23. Rh2 {[%clk 0:50:33]} b3+ {[%clk 1:00:51]} 24. Nxb3
{[%clk 0:46:41]} Ne3+ {[%clk 1:00:31]} 25. Kd3 {[%clk 0:45:54]} axb3
{[%clk 1:00:55]} 26. Nf4 {[%clk 0:45:45]} Re7 {[%clk 0:57:11]} 27. Re2
{[%clk 0:45:03]} Rae8 {[%clk 0:57:29]} 28. Rbe1 {[%clk 0:44:25]} Nc2
{[%clk 0:57:31]} 29. Rc1 {[%clk 0:41:43]} Rxe2 {[%clk 0:57:06]} 30. Nxe2
{[%clk 0:42:07]} Re3+ {[%clk 0:56:33]} 31. Kd2 {[%clk 0:42:31]} Na5
{[%clk 0:56:44]} 32. Rxc2 {[%clk 0:40:09]} Nc4+ {[%clk 0:57:07]} 33. Kc1
{[%clk 0:39:56]} bxc2 {[%clk 0:57:28]} 34. Nf4 {[%clk 0:40:03]} Rxf3
{[%clk 0:57:26]} 0-1

[Event "MCR zen 2023"]
[Site "?"]
[Date "2023.05.10"]
[Round "2.3"]
[White "Zelbova, Lada"]
[Black "Lhotska, Anna"]
[Result "1/2-1/2"]
[BlackElo "1983"]
[WhiteElo "1869"]
[LiveChessVersion "1.4.8"]

1. d4 {[%clk 1:30:56]} Nf6 {[%clk 1:30:54]} 2. Nf3 {[%clk 1:31:16]} g6
{[%clk 1:31:19]} 3. Bg5 {[%clk 1:31:18]} Bg7 {[%clk 1:31:42]} 4. Nbd2
{[%clk 1:31:17]} O-O {[%clk 1:31:53]} 5. c3 {[%clk 1:30:46]} h6 {[%clk 1:31:56]}
6. Bh4 {[%clk 1:30:18]} d6 {[%clk 1:32:03]} 7. e4 {[%clk 1:28:46]} c5
{[%clk 1:31:45]} 8. Bd3 {[%clk 1:25:29]} cxd4 {[%clk 1:18:11]} 9. Nxd4
{[%clk 1:18:21]} Nbd7 {[%clk 1:08:14]} 10. O-O {[%clk 1:16:03]} Nc5
{[%clk 1:07:23]} 11. Bc2 {[%clk 1:15:03]} Bd7 {[%clk 1:02:40]} 12. a4
{[%clk 1:04:26]} Rc8 {[%clk 0:58:34]} 13. Re1 {[%clk 1:01:24]} e5
{[%clk 0:45:26]} 14. Ne2 {[%clk 0:58:28]} Bc6 {[%clk 0:45:03]} 15. b4
{[%clk 0:45:52]} Ne6 {[%clk 0:37:55]} 16. Bxf6 {[%clk 0:44:53]} Qxf6
{[%clk 0:38:09]} 17. Bb3 {[%clk 0:43:46]} Kh7 {[%clk 0:29:39]} 18. Bd5
{[%clk 0:35:04]} Qe7 {[%clk 0:26:32]} 19. Qb3 {[%clk 0:32:22]} Nf4
{[%clk 0:23:04]} 20. Nxf4 {[%clk 0:28:48]} exf4 {[%clk 0:23:28]} 21. Rac1
{[%clk 0:24:44]} Qd7 {[%clk 0:18:31]} 22. Bxc6 {[%clk 0:17:20]} bxc6
{[%clk 0:18:26]} 23. Nf3 {[%clk 0:16:42]} f5 {[%clk 0:13:32]} 24. Nd4
{[%clk 0:12:14]} Bxd4 {[%clk 0:10:53]} 25. cxd4 {[%clk 0:12:35]} fxe4
{[%clk 0:11:14]} 26. Rxe4 {[%clk 0:12:15]} d5 {[%clk 0:11:33]} 27. Re5
{[%clk 0:10:56]} f3 {[%clk 0:11:39]} 28. h3 {[%clk 0:10:36]} Rf7 {[%clk 0:09:03]}
29. Rce1 {[%clk 0:08:50]} Rcf8 {[%clk 0:07:34]} 30. Re6 {[%clk 0:06:45]} Qd8
{[%clk 0:05:02]} 31. Qe3 {[%clk 0:05:49]} Qh4 {[%clk 0:04:22]} 32. Re8
{[%clk 0:04:25]} Rxe8 {[%clk 0:01:29]} 33. Qxe8 {[%clk 0:04:46]} Kg7
{[%clk 0:01:47]} 34. Qe5+ {[%clk 0:05:02]} Kh7 {[%clk 0:01:43]} 35. Qe8
{[%clk 0:04:40]} Kg7 {[%clk 0:01:22]} 36. Qe5+ {[%clk 0:05:02]} Kh7
{[%clk 0:01:03]} 37. Qe8 {[%clk 0:05:11]} Qf6 {[%clk 0:01:02]} 38. Re6
{[%clk 0:04:10]} Qf5 {[%clk 0:00:38]} 39. Re7 {[%clk 0:03:07]} Kg7
{[%clk 0:00:36]} 40. Rxf7+ {[%clk 0:01:01]} Qxf7 {[%clk 0:01:01]} 41. Qe5+
{[%clk 0:00:42]} Kh7 {[%clk 0:01:14]} 42. Qe3 {[%clk 0:27:21]} fxg2
{[%clk 0:30:50]} 43. Kxg2 {[%clk 0:25:35]} Qb7 {[%clk 0:30:04]} 44. b5
{[%clk 0:22:13]} cxb5 {[%clk 0:29:35]} 45. axb5 {[%clk 0:22:28]} Qd7
{[%clk 0:27:05]} 46. Qe5 {[%clk 0:20:54]} h5 {[%clk 0:26:49]} 47. Kg3
{[%clk 0:20:43]} Qf7 {[%clk 0:25:09]} 48. h4 {[%clk 0:19:55]} Qd7
{[%clk 0:25:15]} 49. f3 {[%clk 0:19:44]} Qxb5 {[%clk 0:23:46]} 50. Qe7+
{[%clk 0:19:40]} Kg8 {[%clk 0:23:09]} 51. Qe6+ {[%clk 0:19:33]} Kg7
{[%clk 0:23:25]} 52. Qe7+ {[%clk 0:19:47]} Kg8 {[%clk 0:23:42]} 1/2-1/2

[Event "MCR zen 2023"]
[Site "?"]
[Date "2023.05.10"]
[Round "2.4"]
[White "Dvorakova, Olga"]
[Black "Voriskova, Anna"]
[Result "0-1"]
[BlackElo "1949"]
[WhiteElo "1974"]
[LiveChessVersion "1.4.8"]

1. Nf3 {[%clk 1:30:53]} c5 {[%clk 1:30:35]} 2. c4 {[%clk 1:30:44]} Nc6
{[%clk 1:30:37]} 3. Nc3 {[%clk 1:30:20]} g6 {[%clk 1:30:48]} 4. b3
{[%clk 1:27:30]} Bg7 {[%clk 1:29:24]} 5. Bb2 {[%clk 1:27:19]} e5 {[%clk 1:24:22]}
6. Nd5 {[%clk 1:13:24]} Nge7 {[%clk 1:22:49]} 7. d3 {[%clk 1:05:12]} O-O
{[%clk 1:19:50]} 8. e4 {[%clk 0:53:55]} d6 {[%clk 1:15:41]} 9. Be2
{[%clk 0:50:17]} a6 {[%clk 1:09:37]} 10. O-O {[%clk 0:46:32]} Rb8
{[%clk 1:07:45]} 11. Nd2 {[%clk 0:39:51]} b5 {[%clk 1:01:07]} 12. Bg4
{[%clk 0:27:26]} bxc4 {[%clk 0:46:00]} 13. dxc4 {[%clk 0:20:50]} Nd4
{[%clk 0:42:20]} 14. Bxc8 {[%clk 0:18:30]} Rxc8 {[%clk 0:42:15]} 15. Bxd4
{[%clk 0:15:34]} exd4 {[%clk 0:37:03]} 16. Qg4 {[%clk 0:11:07]} Nxd5
{[%clk 0:30:32]} 17. cxd5 {[%clk 0:09:54]} f5 {[%clk 0:19:02]} 18. Qg3
{[%clk 0:04:06]} Kh8 {[%clk 0:11:20]} 19. f3 {[%clk 0:03:36]} f4 {[%clk 0:06:47]}
20. Qg4 {[%clk 0:03:50]} Qf6 {[%clk 0:05:33]} 21. Nc4 {[%clk 0:02:32]} Rcd8
{[%clk 0:04:19]} 22. Rad1 {[%clk 0:02:42]} h5 {[%clk 0:03:58]} 23. Qh3
{[%clk 0:02:38]} Qf7 {[%clk 0:03:37]} 24. Rd3 {[%clk 0:01:56]} g5
{[%clk 0:03:22]} 25. g4 {[%clk 0:02:16]} fxg3 {[%clk 0:03:12]} 26. hxg3
{[%clk 0:01:32]} Qg6 {[%clk 0:02:31]} 27. Rf2 {[%clk 0:01:08]} g4
{[%clk 0:01:02]} 28. fxg4 {[%clk 0:00:32]} Qxe4 {[%clk 0:01:08]} 29. Qxh5+
{[%clk 0:00:38]} Kg8 {[%clk 0:01:38]} 30. Rdd2 {[%clk 0:00:33]} Qe1+
{[%clk 0:00:39]} 31. Kg2 {[%clk 0:00:44]} Qe4+ {[%clk 0:00:52]} 32. Kg1
{[%clk 0:00:47]} Rf3 {[%clk 0:00:56]} 33. Rxf3 {[%clk 0:00:40]} Qxf3
{[%clk 0:01:23]} 34. Qh2 {[%clk 0:00:32]} d3 {[%clk 0:01:01]} 35. Qg2
{[%clk 0:00:37]} Bd4+ {[%clk 0:00:47]} 36. Kh1 {[%clk 0:00:48]} Qxg4
{[%clk 0:00:45]} 37. Qf1 {[%clk 0:00:32]} Kg7 {[%clk 0:00:56]} 38. Qxd3
{[%clk 0:00:36]} Re8 {[%clk 0:00:36]} 39. Nxd6 {[%clk 0:00:32]} Qh3+
{[%clk 0:00:41]} 40. Rh2 {[%clk 0:00:33]} Re1+ {[%clk 0:01:06]} 0-1

[Event "MCR zen 2023-rapid"]
[Site "?"]
[Date "2023.05.10"]
[Round "1.1"]
[White "Novosadova, Kristyna"]
[Black "Fizerova, Lucie"]
[Result "1-0"]
[BlackElo "1679"]
[WhiteElo "2094"]
[LiveChessVersion "1.4.8"]

1. e4 {[%clk 0:15:08]} e6 {[%clk 0:15:08]} 2. d4 {[%clk 0:15:02]} d5
{[%clk 0:15:11]} 3. exd5 {[%clk 0:14:47]} exd5 {[%clk 0:15:14]} 4. c4
{[%clk 0:14:51]} c6 {[%clk 0:14:33]} 5. Nc3 {[%clk 0:14:51]} Nf6 {[%clk 0:14:22]}
6. Nf3 {[%clk 0:14:25]} h6 {[%clk 0:13:11]} 7. Bd3 {[%clk 0:14:17]} Bd6
{[%clk 0:13:07]} 8. h3 {[%clk 0:14:02]} O-O {[%clk 0:12:37]} 9. O-O
{[%clk 0:14:03]} Nbd7 {[%clk 0:12:28]} 10. Be3 {[%clk 0:13:48]} dxc4
{[%clk 0:12:23]} 11. Bxc4 {[%clk 0:13:50]} Nb6 {[%clk 0:12:26]} 12. Bb3
{[%clk 0:13:14]} Bf5 {[%clk 0:12:15]} 13. Ne5 {[%clk 0:13:05]} Nfd7
{[%clk 0:11:17]} 14. f4 {[%clk 0:12:34]} Rc8 {[%clk 0:10:20]} 15. Qh5
{[%clk 0:12:08]} Bxe5 {[%clk 0:09:39]} 16. fxe5 {[%clk 0:11:42]} Be6
{[%clk 0:09:07]} 17. Bc2 {[%clk 0:11:26]} f5 {[%clk 0:08:06]} 18. Bxh6
{[%clk 0:11:01]} Nxe5 {[%clk 0:06:27]} 19. dxe5 {[%clk 0:10:34]} Qd4+
{[%clk 0:06:11]} 20. Kh1 {[%clk 0:10:03]} Qxe5 {[%clk 0:05:41]} 21. Rae1
{[%clk 0:09:47]} Qf6 {[%clk 0:05:27]} 22. Bg5 {[%clk 0:09:18]} Qf7
{[%clk 0:04:56]} 23. Qxf7+ {[%clk 0:09:15]} Bxf7 {[%clk 0:04:57]} 24. Bxf5
{[%clk 0:09:04]} Rce8 {[%clk 0:04:40]} 25. Rxe8 {[%clk 0:08:52]} Rxe8
{[%clk 0:04:43]} 26. h4 {[%clk 0:07:14]} Nd5 {[%clk 0:03:54]} 27. Bh7+
{[%clk 0:07:03]} Kxh7 {[%clk 0:03:33]} 28. Rxf7 {[%clk 0:07:06]} Nxc3
{[%clk 0:02:34]} 29. bxc3 {[%clk 0:07:10]} Re2 {[%clk 0:02:07]} 30. Rxb7
{[%clk 0:07:03]} Rxa2 {[%clk 0:02:09]} 31. Bf6 {[%clk 0:06:53]} 1-0